[Event "Ruy Lopez Festival"]
[Site "Zafra ESP"]
[Date "2007.03.23"]
[EventDate "2007.03.17"]
[Round "7"]
[Result "1/2-1/2"]
[White "Antoaneta Stefanova"]
[Black "Ruslan Ponomariov"]
[WhiteElo "2483"]
[BlackElo "2723"]
[PlyCount "126"]

1. d4 e6 2. Nf3 c5 3. c3 Nc6 4. e4 d5 5. exd5 exd5 6. Bb5 Bd6
7. dxc5 Bxc5 8. O-O Nge7 9. Bf4 O-O 10. Nbd2 Ng6 11. Bg3 f5
12. Bxc6 bxc6 13. Be5 Bb6 14. Qa4 c5 15. Qc6 Ba6 16. Qe6+ Rf7
17. Rfe1 Qd7 18. Qxd7 Rxd7 19. a4 Re8 20. h4 Rde7 21. a5 Bd8
22. Bd6 Rxe1+ 23. Rxe1 Rxe1+ 24. Nxe1 c4 25. h5 Nf8 26. Bc5
Bxa5 27. Bxa7 Nd7 28. Nc2 Nf6 29. Bd4 Nxh5 30. Ne3 Nf4
31. Nxf5 Kf7 32. Kf1 g6 33. Ne3 Ke6 34. Nf3 Bd8 35. Ne1 g5
36. N1c2 Nd3 37. Nd1 h5 38. f3 Bb5 39. Ne1 Nc1 40. Be3 Nb3
41. Nc2 Kd6 42. Nf2 Bd7 43. g4 hxg4 44. fxg4 Nc5 45. Ne1 Na4
46. Bc1 Bb6 47. Nf3 Bxf2 48. Kxf2 Bxg4 49. Nxg5 Ke5 50. Ke3
Nc5 51. Nf7+ Ke6 52. Ng5+ Ke5 53. Nf7+ Kf6 54. Nd6 Nb3 55. Bd2
Bd7 56. Be1 Ke6 57. Bg3 Bc6 58. Bh2 Ba4 59. Nb7 Bb5 60. Nd8+
Ke7 61. Nb7 Ke6 62. Nd8+ Ke7 63. Nb7 Ke6 1/2-1/2

[Event "European Individual Championships (Women)"]
[Site "Dresden GER"]
[Date "2007.04.03"]
[EventDate "2007.04.03"]
[Round "1"]
[Result "1-0"]
[White "Antoaneta Stefanova"]
[Black "Iulia-Ionela Ionica"]
[WhiteElo "2483"]
[BlackElo "2243"]
[PlyCount "97"]

1. d4 Nf6 2. Bg5 g6 3. Bxf6 exf6 4. c4 Bg7 5. Nc3 O-O 6. e3 f5
7. g3 c5 8. Nge2 Nc6 9. dxc5 Qa5 10. Rc1 Qxc5 11. Nf4 Ne5
12. a3 b6 13. b4 Qe7 14. Bg2 Rb8 15. Nfd5 Qd8 16. Nb5 Ba6
17. Nd6 b5 18. c5 Nc4 19. Nxc4 bxc4 20. Bf1 Bb7 21. Rxc4 Re8
22. Rc2 Bc6 23. Qd2 d6 24. Bg2 dxc5 25. Rxc5 Bb5 26. Qa2 Bf8
27. Rc2 a5 28. a4 Bd3 29. b5 Bxc2 30. Qxc2 Rc8 31. Qd1 Rc5
32. O-O Re5 33. Nf4 Qxd1 34. Rxd1 Rc4 35. b6 Rxa4 36. b7 Rb4
37. Nd3 Re8 38. Nxb4 axb4 39. Rd7 b3 40. Bd5 b2 41. Bxf7+ Kh8
42. Ba2 Rb8 43. Kf1 h5 44. Ke2 Bg7 45. Kd3 Kh7 46. Kc2 Kh6
47. Bd5 Bf6 48. f4 Rc8+ 49. Rc7 1-0

[Event "European Individual Championships (Women)"]
[Site "Dresden GER"]
[Date "2007.04.04"]
[EventDate "2007.04.03"]
[Round "2"]
[Result "0-1"]
[White "Jolanta Zawadzka"]
[Black "Antoaneta Stefanova"]
[WhiteElo "2350"]
[BlackElo "2483"]
[PlyCount "82"]

1. e4 e5 2. Nf3 Nc6 3. Bb5 a6 4. Ba4 Nf6 5. O-O Bc5 6. c3 b5
7. Bb3 d6 8. a4 Bg4 9. h3 Bxf3 10. Qxf3 Na5 11. Bd1 b4 12. d3
Rb8 13. Qg3 bxc3 14. bxc3 O-O 15. Nd2 Re8 16. Kh1 d5 17. exd5
Qxd5 18. Re1 Bd6 19. Qe3 Qc6 20. Ne4 Nxe4 21. dxe4 Nb3 22. Rb1
Bc5 23. Qe2 Nxc1 24. Rxc1 Ba3 25. Rc2 Red8 26. Qf3 Rb1 27. Rg1
Rd6 28. Ra2 Bc5 29. Qg4 g6 30. Bf3 Qb6 31. Re2 Rxg1+ 32. Kxg1
Rd1+ 33. Kh2 Rf1 34. Qg5 Bxf2 35. Rd2 Be3 36. Rd8+ Kg7
37. Qxe5+ Kh6 38. h4 f6 39. Qe7 Bf4+ 40. Kh3 Rh1+ 41. Kg4
Rxh4+ 0-1

[Event "European Individual Championships (Women)"]
[Site "Dresden GER"]
[Date "2007.04.05"]
[EventDate "2007.04.03"]
[Round "3"]
[Result "1-0"]
[White "Antoaneta Stefanova"]
[Black "Jovanka Houska"]
[WhiteElo "2483"]
[BlackElo "2384"]
[PlyCount "109"]

1. d4 d5 2. c4 c6 3. Qc2 dxc4 4. Nf3 Nf6 5. Qxc4 Bf5 6. Nc3 e6
7. g3 Be7 8. Bg2 Nbd7 9. O-O O-O 10. Re1 Ne4 11. Qb3 Qb6
12. Nh4 Qxb3 13. axb3 Bb4 14. Ra4 Bxc3 15. bxc3 Nxc3 16. Nxf5
exf5 17. Ra5 Rfe8 18. Bb2 Nb5 19. d5 Rac8 20. dxc6 bxc6
21. Bxc6 Rxc6 22. Rxb5 g6 23. Rb7 Nc5 24. Rc1 Nxb7 25. Rxc6
Na5 26. Rc3 f6 27. b4 Rxe2 28. Rc8+ Kf7 29. Rc7+ Ke6 30. Bd4
Nb3 31. Bxa7 g5 32. Kg2 g4 33. b5 Re1 34. Be3 Rb1 35. b6 Na5
36. Rc5 Nb7 37. Rc6+ Ke5 38. Bf4+ Ke4 39. Re6+ Kd3 40. Rxf6
Nc5 41. Rxf5 Kc4 42. h3 Nd3 43. hxg4 Rxb6 44. Be3 Rb1 45. Rf7
Ne1+ 46. Kh2 Kd3 47. g5 Ke2 48. Kh3 Nf3 49. Re7 Kf1 50. Rxh7
Rb4 51. Rf7 Ng1+ 52. Kh2 Rb5 53. g4 Rb4 54. Kg3 Ne2+ 55. Kh4
1-0

[Event "European Individual Championships (Women)"]
[Site "Dresden GER"]
[Date "2007.04.06"]
[EventDate "2007.04.03"]
[Round "4"]
[Result "1/2-1/2"]
[White "Ekaterina Polovnikova-Atalik"]
[Black "Antoaneta Stefanova"]
[WhiteElo "2374"]
[BlackElo "2483"]
[PlyCount "44"]

1. d4 d5 2. c4 c6 3. Nf3 Nf6 4. e3 g6 5. Bd3 Bg7 6. O-O O-O
7. Nc3 a6 8. b3 c5 9. cxd5 Nxd5 10. Nxd5 Qxd5 11. Ba3 cxd4
12. Nxd4 Re8 13. Bc4 Qa5 14. Qf3 e6 15. Bd6 Nd7 16. Qg3 Nf6
17. Bc7 Qa3 18. Rfd1 Qe7 19. Bd6 Qd8 20. Bc7 Qe7 21. Bd6 Qd8
22. Bc7 Qe7 1/2-1/2

[Event "European Individual Championships (Women)"]
[Site "Dresden GER"]
[Date "2007.04.07"]
[EventDate "2007.04.03"]
[Round "5"]
[Result "0-1"]
[White "Antoaneta Stefanova"]
[Black "Iweta Radziewicz Rajlich"]
[WhiteElo "2483"]
[BlackElo "2428"]
[PlyCount "110"]

1. d4 Nf6 2. Nf3 g6 3. g3 Bg7 4. c4 O-O 5. Bg2 d6 6. O-O Bg4
7. Nc3 Qc8 8. Re1 c5 9. dxc5 Qxc5 10. h3 Bxf3 11. Bxf3 Nc6
12. b3 Ng4 13. Ne4 Nxf2 14. Nxc5 Nxd1 15. Nxb7 Nd4 16. Rb1 Nc3
17. Rb2 a5 18. Bg2 a4 19. e3 a3 20. Rf2 Nf5 21. g4 Ng3 22. Rc2
Nge4 23. Bd2 f5 24. c5 dxc5 25. Nxc5 Rac8 26. Bxe4 Nxe4
27. Bb4 Bc3 28. Rxc3 Nxc3 29. Ne6 Nd5 30. Bxa3 Rf6 31. gxf5
gxf5 32. Nf4 Nxf4 33. exf4 Ra6 34. Bxe7 Rxa2 35. b4 Re8
36. Re5 Kf7 37. Bc5 Rxe5 38. fxe5 Ke6 39. Bd6 Kd5 40. h4 h5
41. Kh1 Rc2 42. Kg1 Rc4 43. b5 Rc1+ 44. Kf2 Rb1 45. Ke3 Rxb5
46. Kf4 Ke6 47. Kg5 Rb2 48. Kxh5 Rg2 49. Kh6 f4 50. h5 f3
51. Bc5 Kxe5 52. Kh7 Kf6 53. h6 f2 54. Bxf2 Rxf2 55. Kg8 Ra2
0-1

[Event "European Individual Championships (Women)"]
[Site "Dresden GER"]
[Date "2007.04.08"]
[EventDate "2007.04.03"]
[Round "6"]
[Result "0-1"]
[White "Evgenija Ovod"]
[Black "Antoaneta Stefanova"]
[WhiteElo "2410"]
[BlackElo "2483"]
[PlyCount "64"]

1. d4 d5 2. c4 c6 3. Nf3 Nf6 4. Qc2 g6 5. Bf4 Bg7 6. e3 O-O
7. Nc3 c5 8. dxc5 Na6 9. cxd5 Nb4 10. Qb3 Qa5 11. d6 Be6
12. Bc4 Nd3+ 13. Ke2 Bxc4 14. Qxc4 Nxb2 15. Qb3 Nd7 16. dxe7
Rfe8 17. Nd4 Nd3 18. Bd6 N7xc5 19. Qc4 Rac8 20. Ncb5 Bxd4
21. exd4 Nb2 22. Qxc5 Rxc5 23. dxc5 Qxb5+ 24. Kf3 Qd3+ 25. Kf4
Qf5+ 26. Kg3 Nd3 27. h4 Qxf2+ 28. Kh3 Rxe7 29. Bxe7 Nf4+
30. Kg4 h5+ 31. Kg5 Ne6+ 32. Kh6 Qb2 0-1

[Event "European Individual Championships (Women)"]
[Site "Dresden GER"]
[Date "2007.04.09"]
[EventDate "2007.04.03"]
[Round "7"]
[Result "1-0"]
[White "Antoaneta Stefanova"]
[Black "Hoang Thanh Trang"]
[WhiteElo "2496"]
[BlackElo "2472"]
[PlyCount "93"]

1. d4 e6 2. c4 f5 3. Nc3 Nf6 4. Nf3 Be7 5. Qc2 O-O 6. h3 d5
7. Bf4 Nc6 8. e3 Nb4 9. Qb3 b6 10. a3 dxc4 11. Bxc4 Nbd5
12. Be5 c6 13. g4 Ne4 14. Nxe4 fxe4 15. Nd2 b5 16. Be2 Qa5
17. Bg3 Bd7 18. Qd1 c5 19. dxc5 Bf6 20. Qc1 b4 21. O-O bxa3
22. Rxa3 Qb4 23. Rb3 Qa4 24. Qc4 Qxc4 25. Bxc4 Ba4 26. Ra3 Bc2
27. Ra6 Rfc8 28. Rxe6 Rxc5 29. Rc6 Rxc4 30. Nxc4 Bd3 31. Rc1
Nb4 32. Rc5 Be7 33. Nd6 Ba6 34. Ra5 Bd3 35. Rc7 Bf6 36. Rcxa7
Rf8 37. Ra8 Bxb2 38. Nxe4 Nc6 39. Bd6 Rxa8 40. Rxa8+ Kf7
41. Nc5 Bc4 42. f4 Bd5 43. Rc8 Nb4 44. Rb8 Bc3 45. e4 Bc6
46. e5 Bd2 47. e6+ 1-0

[Event "European Individual Championships (Women)"]
[Site "Dresden GER"]
[Date "2007.04.11"]
[EventDate "2007.04.03"]
[Round "8"]
[Result "1/2-1/2"]
[White "Lela Javakhishvili"]
[Black "Antoaneta Stefanova"]
[WhiteElo "2425"]
[BlackElo "2496"]
[PlyCount "163"]

1. c4 c6 2. e4 d5 3. exd5 cxd5 4. d4 Nf6 5. Nc3 e6 6. Nf3 Bb4
7. cxd5 Nxd5 8. Bd2 O-O 9. Bd3 Nc6 10. O-O Be7 11. Re1 Nf6
12. Bg5 Nb4 13. Bc4 b6 14. a3 Nbd5 15. Nxd5 exd5 16. Bd3 Bg4
17. Re5 Bd6 18. h3 Be6 19. Re1 h6 20. Bh4 g5 21. Bg3 Bxg3
22. fxg3 g4 23. hxg4 Nxg4 24. Qd2 Qf6 25. Qf4 Rae8 26. Ne5 Qg5
27. Rac1 Nf6 28. Qxg5+ hxg5 29. Rc7 Nh5 30. Kf2 Ng7 31. Rxa7
Bf5 32. Bb5 Re6 33. Nc6 Rh6 34. Re5 Kh8 35. Ne7 Bh7 36. Rxd5
Ne6 37. Rd6 Rh1 38. Bf1 g4 39. Rd5 Bb1 40. Rad7 Ra8 41. Re5
Ra4 42. Nc6 Bg6 43. Bb5 Ra8 44. Re1 Rxe1 45. Kxe1 Re8 46. Kd1
Kg7 47. Be2 Bf5 48. Ne7 Nxd4 49. Rxd4 Rxe7 50. Bxg4 Rd7
51. Bxf5 Rxd4+ 52. Kc2 Kf6 53. Kc3 Ke5 54. Bc8 Rd8 55. Bb7 Rg8
56. Kb4 Rxg3 57. Bf3 Kd6 58. Kb5 Kc7 59. b4 Rg5+ 60. Ka6 Rf5
61. a4 Rf4 62. Kb5 Kb8 63. a5 bxa5 64. Kxa5 Kc7 65. b5 Rf6
66. Kb4 Kb6 67. Bc6 Rf4+ 68. Kc3 Kc5 69. Kd3 Rb4 70. Ke3 Kd6
71. Kd3 f6 72. Kc3 Kc5 73. Kd3 Rb2 74. Ke3 Rb4 75. Kd3 f5
76. Ke3 Kd6 77. Kd3 Kc5 78. Ke3 Rg4 79. Bf3 Ra4 80. Bc6 Rb4
81. Bd7 Kd6 82. Bxf5 1/2-1/2

[Event "European Individual Championships (Women)"]
[Site "Dresden GER"]
[Date "2007.04.12"]
[EventDate "2007.04.03"]
[Round "9"]
[Result "1/2-1/2"]
[White "Antoaneta Stefanova"]
[Black "Eva Moser"]
[WhiteElo "2496"]
[BlackElo "2405"]
[PlyCount "104"]

1. d4 e6 2. c4 f5 3. Nf3 Nf6 4. Nc3 Bb4 5. Qb3 a5 6. Bg5 O-O
7. e3 Qe8 8. c5 Ne4 9. Bf4 Nc6 10. a3 a4 11. Qc2 Bxc3+
12. bxc3 d6 13. cxd6 cxd6 14. Bb5 Nb4 15. Qe2 Nc2+ 16. Qxc2
Qxb5 17. Ng5 Nxg5 18. Bxg5 Bd7 19. Rb1 Qd5 20. O-O Bb5
21. Rfe1 Bc4 22. Rb6 Bb3 23. Qd3 Rf7 24. f3 Rc8 25. Bh4 Rc6
26. e4 fxe4 27. fxe4 Qc4 28. Qxc4 Bxc4 29. Rxc6 bxc6 30. Bg3
d5 31. exd5 exd5 32. Bd6 Rd7 33. Bb4 Kf7 34. h3 Bd3 35. Re5
Be4 36. h4 g6 37. g4 Bf3 38. g5 Be4 39. Kh2 Rb7 40. Kg3 Rd7
41. Kf4 Rb7 42. Bc5 Rd7 43. Kg4 Rb7 44. Bb4 Rd7 45. Kg3 Rb7
46. Kf4 Rd7 47. Ke3 Rb7 48. Kd2 Rd7 49. c4 Re7 50. Kc3 Rb7
51. Kb2 Rd7 52. Kc3 Rb7 1/2-1/2

[Event "European Individual Championships (Women)"]
[Site "Dresden GER"]
[Date "2007.04.13"]
[EventDate "2007.04.03"]
[Round "10"]
[Result "1/2-1/2"]
[White "Antoaneta Stefanova"]
[Black "Nadezhda Kosintseva"]
[WhiteElo "2496"]
[BlackElo "2475"]
[PlyCount "76"]

1. d4 Nf6 2. Nf3 d5 3. Bf4 c5 4. e3 Nc6 5. c3 e6 6. Nbd2 Bd6
7. Bxd6 Qxd6 8. Bb5 O-O 9. Qa4 Bd7 10. Qa3 b6 11. O-O a6
12. Bxc6 Bxc6 13. Ne5 Bb7 14. f4 Rfe8 15. g4 Rad8 16. g5 Ne4
17. Nxe4 dxe4 18. Nc4 Qc7 19. dxc5 bxc5 20. Qa5 Qe7 21. Rf2 h6
22. h4 f6 23. Rg2 Kh8 24. Kh2 Bd5 25. Nb6 fxg5 26. hxg5 Qf7
27. Qxa6 Rd6 28. a4 e5 29. Rf1 Bb7 30. Qb5 exf4 31. Rxf4 Qh5+
32. Kg1 Rd1+ 33. Rf1 Rf8 34. Rxd1 Qxd1+ 35. Kh2 Qh5+ 36. Kg1
Qd1+ 37. Kh2 Qh5+ 38. Kg1 Qd1+ 1/2-1/2

[Event "European Individual Championships (Women)"]
[Site "Dresden GER"]
[Date "2007.04.14"]
[EventDate "2007.04.03"]
[Round "11"]
[Result "0-1"]
[White "Elina Danielian"]
[Black "Antoaneta Stefanova"]
[WhiteElo "2424"]
[BlackElo "2496"]
[PlyCount "142"]

1. d4 Nf6 2. Nf3 e6 3. c4 Bb4+ 4. Bd2 c5 5. Bxb4 cxb4 6. g3 d6
7. Bg2 O-O 8. O-O Nc6 9. a3 Qb6 10. axb4 Qxb4 11. Qc2 e5
12. Ra4 Qb6 13. c5 dxc5 14. dxc5 Qc7 15. Nc3 Qe7 16. Nb5 Bd7
17. Rh4 h6 18. Nd6 b6 19. Rd1 Rab8 20. cxb6 Rxb6 21. Nc4 Rbb8
22. Qc3 Rfe8 23. Ne3 Rec8 24. Rc4 Qe6 25. Qa3 Ne8 26. h3 Nc7
27. Qd6 Nd4 28. Qxe6 Bxe6 29. Rc5 Nxe2+ 30. Kf1 Nd4 31. Nxe5
Ncb5 32. Rxc8+ Rxc8 33. Kg1 a5 34. Kh2 a4 35. Nf3 Nb3 36. g4
g6 37. Nd2 Nc5 38. Ne4 Nxe4 39. Bxe4 Bb3 40. Rd2 Nc7 41. Kg3
Ne6 42. Bc2 Nc5 43. Kf3 Be6 44. Rd4 Ra8 45. Rb4 Ra5 46. h4 Bd7
47. Nc4 Bc6+ 48. Kg3 Ra8 49. Ne5 Be8 50. Nd3 Nxd3 51. Bxd3 a3
52. Bb1 a2 53. Bxa2 Rxa2 54. f3 Ra5 55. Rb6 Kg7 56. Kf4 Ra1
57. Kg3 Bd7 58. Rd6 Bb5 59. Rb6 Be2 60. Rb3 Rb1 61. Kf2 Bc4
62. Rb4 Be6 63. Kg3 Kf6 64. Rb5 Rd1 65. Kf2 Rd3 66. Ke2 Rb3
67. Rxb3 Bxb3 68. Ke3 Ke5 69. f4+ Kd5 70. Kf3 Kd4 71. Kg3 Ke4
0-1

[Event "RUS-chT (Women)"]
[Site "Sochi"]
[Date "2007.05.09"]
[EventDate "?"]
[Round "9"]
[Result "1-0"]
[White "Yifan Hou"]
[Black "Antoaneta Stefanova"]
[WhiteElo "2513"]
[BlackElo "2492"]
[PlyCount "153"]

1. e4 e5 2. Nf3 Nc6 3. Bb5 a6 4. Ba4 Nf6 5. O-O b5 6. Bb3 Bc5
7. c3 d6 8. d4 Bb6 9. a4 Bb7 10. Bg5 h6 11. Bxf6 Qxf6 12. Bd5
exd4 13. cxd4 O-O 14. Nc3 b4 15. Ne2 Rab8 16. Qd3 Rfe8 17. a5
Nxa5 18. Bxb7 Nxb7 19. Rxa6 Nd8 20. b3 Qg6 21. Ng3 d5 22. Ne5
dxe4 23. Qb5 Qe6 24. Nd7 Rb7 25. Nc5 c6 26. Qxb6 Rxb6 27. Nxe6
Rxa6 28. Nc7 Ra3 29. Nxe8 Rxb3 30. Nd6 e3 31. fxe3 Rxe3
32. Rb1 b3 33. Ngf5 Rd3 34. Ne4 Ne6 35. Ne7+ Kh7 36. Nxc6 Nxd4
37. Nxd4 Rxd4 38. Nc5 Rc4 39. Nxb3 Rc2 40. Nd4 Ra2 41. Rb7 Kg8
42. Nf3 Ra5 43. Kf2 Ra2+ 44. Kg3 Ra5 45. h4 g6 46. Rb4 Kg7
47. Kf4 Rc5 48. Ne5 Rc1 49. Rb7 Rf1+ 50. Ke4 Re1+ 51. Kd5 Rd1+
52. Ke4 Re1+ 53. Kf4 Rf1+ 54. Nf3 Ra1 55. g4 Ra4+ 56. Kg3 Ra5
57. Nd4 Rd5 58. Nf3 Ra5 59. Rd7 Rc5 60. Nd2 Rc3+ 61. Kf4 Rh3
62. Nf3 Rh1 63. Ne5 Rf1+ 64. Ke4 Kg8 65. Kd5 Rf4 66. Kd6 Rf6+
67. Kc7 Rf4 68. Kd8 Kg7 69. Ke8 Kf6 70. Re7 h5 71. g5+ Kf5
72. Rxf7+ Kxe5 73. Rxf4 Kxf4 74. Kf7 Kf5 75. Kg7 Kg4 76. Kxg6
Kxh4 77. Kf5 1-0

[Event "Kaupthing op-A 1st"]
[Site "Differdange LUX"]
[Date "2007.07.08"]
[EventDate "2007.??.??"]
[Round "1.20"]
[Result "1-0"]
[White "Antoaneta Stefanova"]
[Black "Gilles Daubenfeld"]
[WhiteElo "2481"]
[BlackElo "2158"]
[PlyCount "81"]

1. d4 Nf6 2. Bg5 Ne4 3. Bf4 c5 4. f3 Qa5+ 5. c3 Nf6 6. d5 d6
7. e4 g6 8. a4 Bg7 9. Nd2 O-O 10. Bd3 Nh5 11. Be3 f5 12. exf5
Bxf5 13. Bxf5 gxf5 14. Nh3 f4 15. Bf2 Nd7 16. O-O Ne5 17. Ng5
Bh6 18. Ne6 Rfc8 19. c4 Ng7 20. Qc2 Nxe6 21. dxe6 Kh8 22. Bh4
Qc7 23. Ne4 Ng6 24. Be1 Nf8 25. Bc3+ Kg8 26. Qd3 Qc6 27. Rfe1
Ng6 28. Nf2 Rf8 29. Ng4 Bg5 30. b3 Rad8 31. Rad1 Nh4 32. Qc2
Rf5 33. Re2 Rdf8 34. Be1 Nxf3+ 35. gxf3 Qxf3 36. Rg2 Qh3
37. Nf2 Qh6 38. Bc3 f3 39. Rg3 Qxe6 40. h4 Qe2 41. Qc1 1-0

[Event "Kaupthing op-A 1st"]
[Site "Differdange LUX"]
[Date "2007.07.08"]
[EventDate "2007.??.??"]
[Round "2.14"]
[Result "1-0"]
[White "Dmitry Goriachnik"]
[Black "Antoaneta Stefanova"]
[WhiteElo "2301"]
[BlackElo "2481"]
[PlyCount "89"]

1. d4 d5 2. c4 c6 3. Nc3 Nf6 4. Nf3 e6 5. Qb3 Nbd7 6. Bg5 h6
7. Bh4 Qa5 8. e3 Ne4 9. cxd5 exd5 10. Bd3 g5 11. Bg3 h5
12. Bxe4 dxe4 13. Ne5 Nxe5 14. Bxe5 Rh6 15. h4 g4 16. O-O Qd8
17. g3 f5 18. Rfd1 Qb6 19. Qc2 Bd7 20. a3 O-O-O 21. b4 Qa6
22. Qb2 Bd6 23. Bxd6 Rxd6 24. Ne2 Qc4 25. Rac1 Qf7 26. Rc5 Kb8
27. Rdc1 Qf6 28. Nf4 Be8 29. Re5 b6 30. a4 Bf7 31. a5 R6d7
32. Ra1 Rc7 33. axb6 axb6 34. Qa3 Rb7 35. b5 c5 36. Qa8+ Kc7
37. Qa6 Rd6 38. dxc5 Qxe5 39. cxd6+ Qxd6 40. Rc1+ Kb8 41. Rc6
Qd1+ 42. Kh2 Qd8 43. Rh6 Be8 44. Qa1 Qe7 45. Re6 1-0

[Event "Kaupthing op-A 1st"]
[Site "Differdange LUX"]
[Date "2007.07.09"]
[EventDate "2007.??.??"]
[Round "3.19"]
[Result "1-0"]
[White "Antoaneta Stefanova"]
[Black "Ansgar Barthel"]
[WhiteElo "2481"]
[BlackElo "2182"]
[PlyCount "61"]

1. d4 Nf6 2. Bg5 Ne4 3. Bf4 Nc6 4. f3 Nf6 5. d5 e5 6. Bg5 Ne7
7. e4 Ng6 8. h4 h6 9. Be3 Nh5 10. Bf2 Bb4+ 11. c3 Ba5 12. Na3
Bb6 13. Qd2 Qf6 14. Nc4 Bxf2+ 15. Qxf2 d6 16. g3 Qe7 17. O-O-O
b6 18. Ne3 a6 19. Bd3 Bb7 20. Ne2 O-O-O 21. f4 Qd7 22. f5 Ne7
23. g4 Nf6 24. g5 Nh7 25. Rdg1 h5 26. Ng3 g6 27. f6 Ng8
28. Qe2 Qa4 29. b3 Qa5 30. Kb1 Kb8 31. Nc4 1-0

[Event "Kaupthing op-A 1st"]
[Site "Differdange LUX"]
[Date "2007.07.09"]
[EventDate "2007.??.??"]
[Round "4.14"]
[Result "0-1"]
[White "Claude Wagener"]
[Black "Antoaneta Stefanova"]
[WhiteElo "2307"]
[BlackElo "2481"]
[PlyCount "64"]

1. e4 e5 2. Nf3 Nc6 3. Bb5 a6 4. Ba4 Nf6 5. O-O Bc5 6. c3 b5
7. Bb3 d6 8. a4 Bg4 9. h3 Bxf3 10. Qxf3 Na5 11. Bc2 b4 12. Qd1
O-O 13. d4 exd4 14. cxd4 Bb6 15. Bg5 b3 16. Bxb3 Nxb3 17. Qxb3
Bxd4 18. Nc3 h6 19. Bxf6 Qxf6 20. Rad1 c5 21. Qc4 Rfb8 22. Qe2
Qe5 23. Kh1 Rb4 24. f4 Qe6 25. e5 dxe5 26. Qf3 Rab8 27. f5 Qe8
28. f6 g6 29. Nd5 Rxb2 30. Ne7+ Kh7 31. h4 h5 32. g4 R8b3 0-1

[Event "Kaupthing op-A 1st"]
[Site "Differdange LUX"]
[Date "2007.07.11"]
[EventDate "2007.??.??"]
[Round "6.15"]
[Result "0-1"]
[White "Jana Malypetrova Hartston Miles Bellin"]
[Black "Antoaneta Stefanova"]
[WhiteElo "2151"]
[BlackElo "2481"]
[PlyCount "54"]

1. d4 d5 2. c4 c6 3. e3 Nf6 4. Nf3 g6 5. Nc3 Bg7 6. cxd5 cxd5
7. Bb5+ Nbd7 8. Qb3 e6 9. Qa3 Bf8 10. Qa4 a6 11. Ne5 Rb8
12. Bxd7+ Nxd7 13. Nf3 b5 14. Qd1 Bd6 15. O-O O-O 16. Bd2 Bb7
17. Ne2 a5 18. Qb1 b4 19. Rc1 Qe7 20. Ng3 h5 21. e4 Bxg3
22. hxg3 dxe4 23. Ne5 Nxe5 24. dxe5 Rbd8 25. Be3 Bd5 26. Qc2
Ra8 27. Qc7 Ra7 0-1

[Event "North Urals Cup"]
[Site "Krasnoturinsk RUS"]
[Date "2007.07.22"]
[EventDate "?"]
[Round "1"]
[Result "1-0"]
[White "Antoaneta Stefanova"]
[Black "Elisabeth Paehtz"]
[WhiteElo "2481"]
[BlackElo "2457"]
[PlyCount "133"]

1. d4 d5 2. c4 c6 3. Nf3 Nf6 4. Qc2 dxc4 5. Qxc4 Bg4 6. Nc3
Nbd7 7. e4 Bxf3 8. gxf3 e5 9. dxe5 Nxe5 10. Qe2 Bc5 11. Bd2
O-O 12. O-O-O b5 13. f4 Nc4 14. Be1 Qc7 15. e5 Nd5 16. Qe4
Ncb6 17. Nxd5 cxd5 18. Qc2 Rac8 19. Kb1 Qe7 20. Qd3 Bb4
21. Bxb4 Qxb4 22. Qd4 Qa4 23. b3 Qxd4 24. Rxd4 a6 25. f5 Rc3
26. Bg2 Re8 27. Re1 Rc5 28. h4 a5 29. h5 f6 30. e6 Kf8 31. h6
gxh6 32. Rh4 d4 33. Rxd4 Rxf5 34. Bc6 Re5 35. Rc1 R8xe6
36. Rd8+ Ke7 37. Rb8 Nd7 38. Rb7 Rd6 39. Bxb5 Red5 40. Be2 Re5
41. Bc4 h5 42. f4 Re4 43. Rg1 Rxf4 44. Rg7+ Kd8 45. Kb2 Rfd4
46. Rxh7 h4 47. Ra7 a4 48. Ra8+ Kc7 49. Rxa4 Kc6 50. Ra7 f5
51. Kc3 Kb6 52. Ra6+ Kc7 53. Ra5 f4 54. Rf5 Rd2 55. a4 Kc6
56. Bb5+ Kc7 57. Rxf4 Kb6 58. Bxd7 Rxd7 59. Rxd7 Rxd7 60. Rxh4
Rd6 61. Kc4 Rc6+ 62. Kb4 Re6 63. a5+ Ka6 64. Ka4 Rd6 65. b4
Re6 66. b5+ Kb7 67. Rh7+ 1-0

[Event "North Urals Cup"]
[Site "Krasnoturinsk RUS"]
[Date "2007.07.23"]
[EventDate "2007.07.22"]
[Round "2"]
[Result "1/2-1/2"]
[White "Anna Ushenina"]
[Black "Antoaneta Stefanova"]
[WhiteElo "2502"]
[BlackElo "2481"]
[PlyCount "91"]

1. d4 d5 2. c4 c6 3. Nf3 Nf6 4. Nc3 e6 5. e3 Nbd7 6. Qc2 Bd6
7. Bd3 dxc4 8. Bxc4 O-O 9. O-O a6 10. a4 c5 11. dxc5 Bxc5
12. b3 b6 13. Ne4 Be7 14. Nxf6+ Bxf6 15. Ra2 Bb7 16. Rd1 Qc8
17. Ba3 Rd8 18. Rc1 Ne5 19. Nxe5 Bxe5 20. Qe2 Qb8 21. f4 Bf6
22. Rd2 b5 23. Bd3 Bd5 24. Bb2 Bxb2 25. Rxb2 Qb7 26. axb5 axb5
27. e4 Bc6 28. Rbc2 Be8 29. Qe3 Rac8 30. Rxc8 Rxc8 31. b4
Rxc1+ 32. Qxc1 Qd7 33. Qc3 Qd6 34. g3 h5 35. Kf2 h4 36. Ke3
hxg3 37. hxg3 Bc6 38. Qd4 Qc7 39. Qc5 Qb7 40. g4 g6 41. f5
exf5 42. gxf5 gxf5 43. Qxf5 Qa7+ 44. Qc5 Qd7 45. Qg5+ Kf8
46. Qc5+ 1/2-1/2

[Event "North Urals Cup"]
[Site "Krasnoturinsk RUS"]
[Date "2007.07.24"]
[EventDate "2007.07.22"]
[Round "3"]
[Result "1-0"]
[White "Antoaneta Stefanova"]
[Black "Alisa Galliamova"]
[WhiteElo "2481"]
[BlackElo "2468"]
[PlyCount "39"]

1. d4 d5 2. Bf4 Nf6 3. e3 c5 4. Nc3 e6 5. Nb5 Na6 6. c3 Be7
7. a4 O-O 8. Be5 Bd7 9. Nf3 c4 10. b3 cxb3 11. Qxb3 Qa5
12. Qb2 Ne4 13. Bd3 f6 14. Bf4 Nxc3 15. Nxc3 Bb4 16. O-O Bxc3
17. Qxb7 Bxa1 18. Qxd7 Nb4 19. Bc7 Rf7 20. Qxf7+ 1-0

[Event "North Urals Cup"]
[Site "Krasnoturinsk RUS"]
[Date "2007.07.26"]
[EventDate "2007.07.22"]
[Round "5"]
[Result "1-0"]
[White "Natalia Pogonina"]
[Black "Antoaneta Stefanova"]
[WhiteElo "2429"]
[BlackElo "2481"]
[PlyCount "49"]

1. e4 e5 2. Nf3 Nc6 3. Bb5 a6 4. Ba4 Nf6 5. O-O Bc5 6. c3 b5
7. Bc2 d6 8. a4 Bg4 9. h3 Bxf3 10. Qxf3 b4 11. a5 O-O 12. d3
Rb8 13. Nd2 d5 14. exd5 bxc3 15. bxc3 Nxd5 16. d4 exd4 17. Qd3
g6 18. Qc4 Rb5 19. Ne4 Ne5 20. Qxd5 d3 21. Qxd8 Rxd8 22. Ba4
Rxa5 23. Bg5 Rb8 24. Bf6 Bf8 25. Bxe5 1-0

[Event "North Urals Cup"]
[Site "Krasnoturinsk RUS"]
[Date "2007.07.28"]
[EventDate "2007.07.22"]
[Round "6"]
[Result "0-1"]
[White "Antoaneta Stefanova"]
[Black "Yifan Hou"]
[WhiteElo "2481"]
[BlackElo "2523"]
[PlyCount "72"]

1. d4 e6 2. c4 Nf6 3. Nc3 Bb4 4. e3 O-O 5. Nge2 d5 6. cxd5
exd5 7. g3 Re8 8. Bg2 a5 9. O-O Bf8 10. Kh1 Na6 11. f3 c5
12. a3 Bd7 13. g4 h6 14. h3 cxd4 15. Nxd4 Nc5 16. b3 Rc8
17. Ra2 Qb6 18. Nce2 Bd6 19. Rg1 Bb8 20. Bf1 Ne6 21. Bb2 Nc5
22. Bc1 a4 23. b4 Nb3 24. Nxb3 axb3 25. Qxb3 d4 26. Rc2 Qd6
27. Ng3 Rxc2 28. Qxc2 dxe3 29. Be2 Bc6 30. b5 Bd5 31. Bb2 Ne4
32. Nf1 Nd2 33. Qc3 f6 34. Ng3 Nxf3 35. Bxf3 Bxf3+ 36. Kh2
Qd2+ 0-1

[Event "North Urals Cup"]
[Site "Krasnoturinsk RUS"]
[Date "2007.07.30"]
[EventDate "2007.07.22"]
[Round "8"]
[Result "0-1"]
[White "Antoaneta Stefanova"]
[Black "Zhao Xue"]
[WhiteElo "2481"]
[BlackElo "2500"]
[PlyCount "130"]

1. d4 Nf6 2. Bg5 e6 3. Nd2 h6 4. Bh4 c5 5. e3 Nc6 6. c3 b6
7. Ngf3 Bb7 8. Bd3 Be7 9. Qe2 Rc8 10. Ne5 cxd4 11. exd4 d6
12. Bxf6 Bxf6 13. Ng4 Bg5 14. f4 Bxf4 15. O-O Bxd2 16. d5 Ne5
17. Bb5+ Kf8 18. dxe6 Nf3+ 19. Rxf3 Bxf3 20. Qxf3 Qe7 21. Bd7
Rd8 22. h4 h5 23. Nf2 Kg8 24. Qe4 Rh6 25. Rd1 d5 26. Qd4 Be1
27. Nd3 fxe6 28. Rxe1 Rxd7 29. Re5 Qf6 30. g3 Rg6 31. Kh2 Qf3
32. Re3 Qf1 33. Re1 Qf3 34. Re3 Qf5 35. Nf4 Rf7 36. Re5 Qc2+
37. Re2 Rxf4 38. Rxc2 Rxd4 39. cxd4 Rg4 40. Rd2 Kf7 41. Kg2
Ke7 42. Kf3 Kd6 43. Rd3 Re4 44. Kf2 a5 45. a4 Kc6 46. Rc3+ Kb7
47. Rf3 Kc6 48. Rf7 Rg4 49. b3 b5 50. Ra7 bxa4 51. bxa4 Kd6
52. Kf3 g6 53. Rxa5 Rxd4 54. Ra8 Ke5 55. a5 Rd3+ 56. Kg2 Ra3
57. a6 Ke4 58. Rg8 Kf5 59. Rf8+ Ke4 60. Rg8 Rxa6 61. Rxg6 d4
62. Rg5 d3 63. Kf2 Ra1 64. Rg6 d2 65. Rxe6+ Kf5 0-1